00822ny a22002293n 450000500170000000800410001702000150005803500080007304000170008108000230009809000130012110000270013424501500016125600240031126000620033570000370039770000300043474000390046485600620050394200080056599900190057320240305165314.0080630s2003 sp s 000 0 spa c a848004568X a254 aUMA.REdvLex a347.95(460)(0.034) c287d2871 aGimeno Sendra, Vicente14aLos nuevos juicios rapidos y de faltash[Recurso electrónico]cVicente Gimeno Sendra, Juan Carlos López Coig, Juan Carlos Cerón Hernández aServicio en línea a[Madrid] :bEditorial Universitaria Ramón Areces,c20031 aCerón Hernández, Juan Carlos1 aLópez Coig, Juan Carlos0 avLex Libros (Servicios en línea)40uhttps://app.vlex.com/#/sources/nuevos-juicios-rapidos-254 cRAA c158818d158818